| 000 | 00000nam 2200000zi 4500 |
| 001 | 9.921909 |
| 003 | CaOODSP |
| 005 | 20230424144027 |
| 006 | m o d f |
| 007 | cr |n||||||||| |
| 008 | 230424t20232023oncab ob f000 0 eng d |
| 040 | |aCaOODSP|beng|erda|cCaOODSP |
| 043 | |an-cn--- |
| 086 | 1 |aM103-3/69-2023E-PDF |
| 100 | 1 |aFraser, R. H., |eauthor. |
| 245 | 10|aRecent ponding of upland ice-wedge polygon networks detected across the Canadian Arctic Archipelago using satellite remote sensing / |cR.H. Fraser, M. McFarlane-Winchester, and S.V. Kokelj. |
| 264 | 1|a[Ottawa] : |bGeomatics Canada, |c2023. |
| 264 | 4|c©2023 |
| 300 | |a1 online resource (28 pages) : |billustrations, maps. |
| 336 | |atext|btxt|2rdacontent |
| 337 | |acomputer|bc|2rdamedia |
| 338 | |aonline resource|bcr|2rdacarrier |
| 490 | 1 |aOpen file ; |v69 |
| 504 | |aIncludes bibliographical references (pages 18-20). |
| 650 | 0|aPermafrost |zCanada, Northern. |
| 650 | 0|aArtificial satellites in remote sensing|zCanada, Northern. |
| 650 | 6|aPergélisols|zCanada (Nord) |
| 650 | 6|aSatellites artificiels en télédétection|zCanada (Nord) |
| 710 | 2 |aGeomatics Canada, |eissuing body. |
| 830 | #0|aOpen file (Geomatics Canada)|v69.|w(CaOODSP)9.821474 |
| 856 | 40|qPDF|s26.67 MB|uhttps://publications.gc.ca/collections/collection_2023/rncan-nrcan/M103-3-69-2023-eng.pdf |
| 856 | 4 |qHTML|sN/A|uhttps://doi.org/10.4095/329618 |